| 000 | 00871cam a22002412 4500 | ||
|---|---|---|---|
| 001 | 0000003402 | ||
| 005 | 20151217151924.0 | ||
| 008 | 070504s xx 000 0 eng d | ||
| 020 |
_a1853832618 : _cGBP 19.95 |
||
| 040 |
_aKABU _cKABU |
||
| 050 | 0 |
_aK3585 _b.I47 1996 |
|
| 245 | 1 | 0 |
_aImproving compliance with international environmental law / _cedited byJames Cameron, Jacob Werksman & Peter Roderick. |
| 260 |
_aLondon : _bEarthscan Publications, _c1996. |
||
| 300 |
_axviii, 341 p. ; _c24 cm. |
||
| 440 | 4 |
_aThe international law and sustainable development series _@0000153309 |
|
| 650 | 0 |
_aEnvironmental law, International. _@0000153307 |
|
| 700 | 1 |
_aWerksman, Jacob. _@0000153310 |
|
| 700 | 1 |
_aRoderick, Peter. _@0000153311 |
|
| 700 | 1 |
_aCameron, James. _@0000153308 |
|
| 908 | _a070504 | ||
| 950 | _@1 | ||
| 999 |
_c6396 _d6396 |
||